[Event "Sao Paulo Hebraica op 28th"]
[Site "Sao Paulo"]
[Date "2022.01.16"]
[Round "5"]
[White "Avgoustopoulos, Christian"]
[Black "Silva, Kaua Marques"]
[Result "0-1"]
[WhiteElo "2001"]
[BlackElo "2170"]
[PlyCount "65"]
[EventDate "2022.01.14"]
[EventType "swiss"]
[EventRounds "6"]
[EventCountry "BRA"]
[SourceTitle "CBM 206 Extra"]
[Source "ChessBase"]
[SourceDate "2022.03.31"]
[SourceVersion "1"]
[SourceVersionDate "2022.03.31"]
[SourceQuality "1"]

1. e4 c6 2. d4 d5 3. Nc3 dxe4 4. Nxe4 Nf6 5. Nxf6+ exf6 6. Bf4 Qb6 7. Rb1 Be6 8. c4 Bxc4 9. Bxc4 Qb4+ 10. Qd2 Qxc4 11. Qe2+ Qe6 12. a3 Nd7 13. Kd2 0-0-0 14. Qxe6 fxe6 15. Nf3 Nb6 16. Kc2 Bd6 17. Bd2 Rhe8 18. Rhe1 Nc4 19. Bc3 b5 20. Rbd1 a5 21. Re2 Kd7 22. Nd2 Nxd2 23. Bxd2 Bc7 24. Bc3 Ke7 25. f3 Kf7 26. Be1 Rd5 27. Bf2 Re7 28. Rde1 Bb6 29. Rd1 Red7 30. Kc3 c5 31. Red2 a4 32. b4 axb3 33. dxc5 0-1

[Event "Florianopolis op 4th"]
[Site "Florianopolis"]
[Date "2018.01.22"]
[Round "5"]
[White "Avgoustopoulos, Christian"]
[Black "Rodrigues, Julliano de Araujo"]
[Result "1-0"]
[WhiteElo "2080"]
[BlackElo "1879"]
[PlyCount "33"]
[EventDate "2018.01.19"]
[EventType "swiss"]
[EventRounds "10"]
[EventCountry "BRA"]
[SourceTitle "EXT 2019"]
[Source "ChessBase"]
[SourceDate "2018.10.10"]
[SourceVersion "1"]
[SourceVersionDate "2018.10.10"]
[SourceQuality "1"]

1. e4 e5 2. Nf3 Nc6 3. Bc4 Bc5 4. c3 Nf6 5. d4 exd4 6. cxd4 Bb4+ 7. Nbd2 Nxe4 8. d5 Ne5 9. Nxe5 Qe7 10. 0-0 Qxe5 11. Re1 Bxd2 12. Qxd2 0-0 13. Qe3 Re8 14. f3 Nd6 15. Qxe5 Rxe5 16. Rxe5 f6 17. Re4 1-0

[Event "Florianopolis op 4th"]
[Site "Florianopolis"]
[Date "2018.01.20"]
[Round "3"]
[White "Avgoustopoulos, Christian"]
[Black "Reis, Virginia Lagrange M"]
[Result "1-0"]
[WhiteElo "2080"]
[BlackElo "1808"]
[PlyCount "77"]
[EventDate "2018.01.19"]
[EventType "swiss"]
[EventRounds "10"]
[EventCountry "BRA"]
[SourceTitle "CBM 182 Extra"]
[Source "ChessBase"]
[SourceDate "2018.02.23"]
[SourceVersion "1"]
[SourceVersionDate "2018.02.23"]
[SourceQuality "1"]

1. e4 c5 2. Nf3 g6 3. d4 cxd4 4. Nxd4 Bg7 5. c4 d6 6. Nc3 Nc6 7. Be3 Nf6 8. Be2 0-0 9. 0-0 Bd7 10. Qd2 Rc8 11. Rad1 Ne5 12. b3 Neg4 13. Bg5 h6 14. Bh4 g5 15. Bg3 Nh5 16. Nf5 Bxf5 17. exf5 Nxg3 18. hxg3 Nf6 19. Rfe1 Re8 20. Bf3 Qd7 21. Qd3 a6 22. a4 Qc7 23. Re3 g4 24. Bd5 Nd7 25. Ne2 Nc5 26. Qb1 e6 27. fxe6 fxe6 28. Be4 Be5 29. Bc2 Qg7 30. b4 Nd7 31. Bb3 Rf8 32. c5 d5 33. Nf4 Bxf4 34. gxf4 Rxf4 35. Rxe6 Nf6 36. Bxd5 Kf8 37. g3 Nxd5 38. gxf4 Nc3 39. Qf5+ 1-0

[Event "Florianopolis op 4th"]
[Site "Florianopolis"]
[Date "2018.01.19"]
[Round "1"]
[White "Avgoustopoulos, Christian"]
[Black "Molina, Roberto Junio Brito"]
[Result "0-1"]
[WhiteElo "2080"]
[BlackElo "2448"]
[PlyCount "128"]
[EventDate "2018.01.19"]
[EventType "swiss"]
[EventRounds "10"]
[EventCountry "BRA"]
[SourceTitle "CBM 182 Extra"]
[Source "ChessBase"]
[SourceDate "2018.02.23"]
[SourceVersion "1"]
[SourceVersionDate "2018.02.23"]
[SourceQuality "1"]

1. e4 c5 2. Nf3 e6 3. d4 cxd4 4. Nxd4 Nc6 5. c4 Nf6 6. Nc3 Bb4 7. Nxc6 bxc6 8. Bd3 e5 9. Qc2 0-0 10. 0-0 d6 11. Kh1 Be6 12. f4 exf4 13. Bxf4 Ng4 14. Ne2 Bc5 15. Ng1 Qh4 16. Bg3 Qh6 17. Qe2 Qe3 18. Nf3 Qxe2 19. Bxe2 f6 20. h3 Ne5 21. Nxe5 dxe5 22. Rfd1 Bd4 23. Rab1 a5 24. Be1 c5 25. b3 g6 26. Bf3 a4 27. Be2 axb3 28. axb3 Ra2 29. Bf1 f5 30. Bd3 fxe4 31. Bxe4 Bxh3 32. b4 Bf5 33. Bd5+ Kg7 34. bxc5 Bxb1 35. Rxb1 Rf1+ 36. Kh2 Bg1+ 37. Kh3 Ra3+ 38. g3 Bxc5 39. Rb7+ Kh6 40. Bd2+ Be3 41. Bb4 Ra7 42. Rb8 Rf2 43. Kg4 Ra1 44. Bf8+ Rxf8 45. Rxf8 Rg1 46. Rf3 Bc5 47. Rb3 Bd4 48. Rb7 Bf2 49. Rb3 Rc1 50. Rf3 Bc5 51. Rb3 Rg1 52. Rb7 Bf2 53. Rb3 Rd1 54. Rf3 Bc5 55. Rb3 Rd4+ 56. Kf3 Kg5 57. Rb5 Rd3+ 58. Kg2 Bd4 59. Rb7 Rd2+ 60. Kh3 Bg1 61. g4 Be3 62. Rxh7 Bf4 63. Bg2 Rd3+ 64. Bf3 Rxf3+ 0-1

[Event "Rio de Janeiro-ch"]
[Site "Rio de Janeiro"]
[Date "2014.02.??"]
[Round "4"]
[White "Borensztajn, David"]
[Black "Avgoustopoulos, Christian"]
[Result "1/2-1/2"]
[WhiteElo "1872"]
[BlackElo "2080"]
[PlyCount "20"]
[EventDate "2014.02.??"]
[EventType "swiss"]
[EventRounds "6"]
[EventCountry "BRA"]
[SourceTitle "EXT 2022"]
[Source "ChessBase"]
[SourceDate "2021.10.06"]
[SourceVersion "1"]
[SourceVersionDate "2021.10.06"]
[SourceQuality "1"]

1. d4 d6 2. c4 e5 3. dxe5 dxe5 4. Qxd8+ Kxd8 5. g3 Be6 6. b3 Bb4+ 7. Bd2 Bxd2+ 8. Nxd2 c6 9. Bh3 Bxh3 10. Nxh3 f6 1/2-1/2